000
00328nam a22001457a 4500
008
230124b ||||| |||| 00| 0 eng d
020
_a
9781465259066
041
_a
eng
080
_a
575
082
_a
575DRI
100
_a
13
101
_a
BIO
245
_a
INTRODUCTION TO COLLEGE CHEMISTRY
_c
DRISCOLL A J
942
_2
udc
_c
BK
999
_c
59267
_d
59267